| 000 | 00645nam a22002172 4500 | ||
|---|---|---|---|
| 001 | 0000018438 | ||
| 005 | 20151217145903.0 | ||
| 008 | 091029s xx 000 0 eng d | ||
| 020 | _a1844804528 : | ||
| 040 |
_aKABU _cKABU |
||
| 100 | 1 |
_aWard, Patricia. _@0000177694 |
|
| 245 | 1 | 0 |
_aDatabase management systems / _cPatricia Ward and George Dafoulas. |
| 250 | _a1st ed. | ||
| 260 |
_aLondon : _bThomson, _c2006. |
||
| 300 | _axiv, 334 p. | ||
| 650 | 0 |
_aDatabase management. _@0000148184 |
|
| 700 | 1 |
_aDafoulas, George. _@0000177695 |
|
| 852 | 1 | _9p4675 KES | |
| 908 | _a091029 | ||
| 950 | _@1 | ||
| 999 |
_c3742 _d3742 |
||